LEADER 00986nam0 22002651i 450 001 RML0258410 005 20231121125717.0 010 $a8813209789 100 $a20121121d1998 ||||0itac50 ba 101 | $aita 102 $ait 181 1$6z01$ai $bxxxe 182 1$6z01$an 200 1 $aNuove garanzie personali e reali$egarantievertrag, fideiussione omnibus, lettere di patronage, sale-leas 210 $aPadova $cCedam $d1998 606 $aDiritto privato$2FIR$3RMLC064825$9I 700 1$aDe Nictolis$b, Rosanna$3RMLV165769$0147554 801 3$aIT$bIT-01$c20121121 850 $aIT-FR0098 899 $aBiblioteca Area Giuridico Economica$bFR0098 912 $aRML0258410 950 0$aBiblioteca Area Giuridico Economica$d 53DSG 09/0163$e 53VM 0000293675 VM barcode:26485-10. - Inventario:11116. - Fondo:SGGVM$fA $h20010423$i20121204 977 $a 53 996 $aNuove garanzie personali e reali$9281174 997 $aUNICAS